Doménové mená – dôležité aktíva podnikateľských subjektov
Funkcie domén. Domény a marketing firiem. Právny rámec registrácie a používania domén. Pojem doména. Druhy domén. Hodnota domény na trhu. Ako a kedy registrovať doménu. Možnosti registrácie domény pod národnou doménou ".sk". Ako získať už registrovanú doménu, ktorá sa nevyužíva.
Na minha lista:
| Autor principal: | |
|---|---|
| Outros Autores: | |
| Formato: | Capítulo de Livro |
| Idioma: | eslovaco |
| Assuntos: | |
| Tags: |
Sem tags, seja o primeiro a adicionar uma tag!
|
MARC
| LEADER | 00000naa a2200000 4500 | ||
|---|---|---|---|
| 001 | 0161902 | ||
| 005 | 20240315070533.0 | ||
| 041 | 0 | |a slo | |
| 044 | |a SK | ||
| 245 | 1 | 0 | |a Doménové mená – dôležité aktíva podnikateľských subjektov |c Karel Rambousek, Tatiana Mičudová |
| 520 | |a Funkcie domén. Domény a marketing firiem. Právny rámec registrácie a používania domén. Pojem doména. Druhy domén. Hodnota domény na trhu. Ako a kedy registrovať doménu. Možnosti registrácie domény pod národnou doménou ".sk". Ako získať už registrovanú doménu, ktorá sa nevyužíva. | ||
| 610 | 2 | 0 | |a internet |
| 610 | 2 | 0 | |a stránky webové |
| 610 | 2 | 0 | |a počítače |
| 610 | 2 | 0 | |a komunikácia elektronická |
| 610 | 2 | 0 | |a marketing |
| 610 | 2 | 0 | |a legislatíva |
| 610 | 2 | 0 | |a registrácia |
| 100 | 1 | |a Rambousek, Karel | |
| 700 | 1 | |a Mičudová, Tatiana | |